<?xml version="1.0" encoding="UTF-8"?>
<record
    xmlns:xsi="http://www.w3.org/2001/XMLSchema-instance"
    xsi:schemaLocation="http://www.loc.gov/MARC21/slim http://www.loc.gov/standards/marcxml/schema/MARC21slim.xsd"
    xmlns="http://www.loc.gov/MARC21/slim">

  <leader>00532    a2200169   4500</leader>
  <datafield tag="952" ind1=" " ind2=" ">
    <subfield code="0">0</subfield>
    <subfield code="1">0</subfield>
    <subfield code="2">ddc</subfield>
    <subfield code="4">0</subfield>
    <subfield code="7">0</subfield>
    <subfield code="8">MALABAR</subfield>
    <subfield code="a">MES</subfield>
    <subfield code="b">MES</subfield>
    <subfield code="c">MALABAR</subfield>
    <subfield code="d">2021-10-21</subfield>
    <subfield code="e">39</subfield>
    <subfield code="g">240.00</subfield>
    <subfield code="l">0</subfield>
    <subfield code="o">954.0357 MAL/M</subfield>
    <subfield code="p">41284</subfield>
    <subfield code="r">2021-10-21 00:00:00</subfield>
    <subfield code="t">3</subfield>
    <subfield code="v">240.00</subfield>
    <subfield code="w">2021-10-21</subfield>
    <subfield code="y">BK</subfield>
    <subfield code="z">GL35R2</subfield>
  </datafield>
  <datafield tag="952" ind1=" " ind2=" ">
    <subfield code="0">0</subfield>
    <subfield code="1">0</subfield>
    <subfield code="2">ddc</subfield>
    <subfield code="4">0</subfield>
    <subfield code="7">0</subfield>
    <subfield code="8">MALABAR</subfield>
    <subfield code="a">MES</subfield>
    <subfield code="b">MES</subfield>
    <subfield code="c">MALABAR</subfield>
    <subfield code="d">2021-10-21</subfield>
    <subfield code="e">39</subfield>
    <subfield code="g">240.00</subfield>
    <subfield code="l">1</subfield>
    <subfield code="o">954.0357 MAL/M</subfield>
    <subfield code="p">41283</subfield>
    <subfield code="r">2025-04-08 13:28:09</subfield>
    <subfield code="s">2025-04-08</subfield>
    <subfield code="t">2</subfield>
    <subfield code="v">240.00</subfield>
    <subfield code="w">2021-10-21</subfield>
    <subfield code="y">BK</subfield>
    <subfield code="z">GL35R2</subfield>
  </datafield>
  <datafield tag="952" ind1=" " ind2=" ">
    <subfield code="0">0</subfield>
    <subfield code="1">0</subfield>
    <subfield code="2">ddc</subfield>
    <subfield code="4">0</subfield>
    <subfield code="7">0</subfield>
    <subfield code="8">MALABAR</subfield>
    <subfield code="a">MES</subfield>
    <subfield code="b">MES</subfield>
    <subfield code="c">MALABAR</subfield>
    <subfield code="d">2021-10-21</subfield>
    <subfield code="e">39</subfield>
    <subfield code="g">240.00</subfield>
    <subfield code="l">1</subfield>
    <subfield code="o">954.0357 MAL/M</subfield>
    <subfield code="p">41282</subfield>
    <subfield code="r">2025-03-05 09:38:29</subfield>
    <subfield code="s">2025-02-27</subfield>
    <subfield code="t">1</subfield>
    <subfield code="v">240.00</subfield>
    <subfield code="w">2021-10-21</subfield>
    <subfield code="y">BK</subfield>
    <subfield code="z">GL35R2</subfield>
  </datafield>
  <datafield tag="999" ind1=" " ind2=" ">
    <subfield code="c">41363</subfield>
    <subfield code="d">41363</subfield>
  </datafield>
  <controlfield tag="003">OSt</controlfield>
  <controlfield tag="005">20211022104757.0</controlfield>
  <controlfield tag="008">211022b           ||||| |||| 00| 0 eng d</controlfield>
  <datafield tag="020" ind1=" " ind2=" ">
    <subfield code="a">9788194163794</subfield>
  </datafield>
  <datafield tag="040" ind1=" " ind2=" ">
    <subfield code="c">oclc</subfield>
  </datafield>
  <datafield tag="082" ind1=" " ind2=" ">
    <subfield code="a">954.0357</subfield>
    <subfield code="b">MAL/M</subfield>
  </datafield>
  <datafield tag="100" ind1=" " ind2=" ">
    <subfield code="9">8867</subfield>
    <subfield code="a">Malayamma, Moyin</subfield>
    <subfield code="c">Dr.</subfield>
  </datafield>
  <datafield tag="245" ind1=" " ind2=" ">
    <subfield code="a">Malabar Samaram Abubaker Musliyar /</subfield>
    <subfield code="c">Dr. Moyin Malayamma.</subfield>
  </datafield>
  <datafield tag="260" ind1=" " ind2=" ">
    <subfield code="a">Malappuram:</subfield>
    <subfield code="b">Grace Educational Association,</subfield>
    <subfield code="c">2020.</subfield>
  </datafield>
  <datafield tag="300" ind1=" " ind2=" ">
    <subfield code="a">224 pages</subfield>
  </datafield>
  <datafield tag="942" ind1=" " ind2=" ">
    <subfield code="2">ddc</subfield>
    <subfield code="c">BK</subfield>
    <subfield code="h">954.0357</subfield>
    <subfield code="i">MAL/M</subfield>
    <subfield code="k">954.0357</subfield>
    <subfield code="m">MAL/M</subfield>
  </datafield>
</record>
